শিক্ষা প্রশাসন / (Record no. 2571)
[ view plain ]
| 000 -LEADER | |
|---|---|
| fixed length control field | 01127nam a22002417a 4500 |
| 003 - CONTROL NUMBER IDENTIFIER | |
| control field | BD-DhJNU |
| 005 - DATE AND TIME OF LATEST TRANSACTION | |
| control field | 20260127031230.0 |
| 008 - FIXED-LENGTH DATA ELEMENTS--GENERAL INFORMATION | |
| fixed length control field | 260127b |||||||| |||| 00| 0 eng d |
| 020 ## - INTERNATIONAL STANDARD BOOK NUMBER | |
| International Standard Book Number | 9789843305756 |
| 040 ## - CATALOGING SOURCE | |
| Original cataloging agency | BD-DhJNU |
| Language of cataloging | ENG |
| Transcribing agency | BD-DhJNU |
| Modifying agency | BD-DhJNU |
| 082 ## - DEWEY DECIMAL CLASSIFICATION NUMBER | |
| Edition number | 23 |
| Classification number | 371.2 RHS |
| 100 ## - MAIN ENTRY--PERSONAL NAME | |
| Personal name | রহমান, মোহাম্মদ মুজিবুর |
| 242 ## - TRANSLATION OF TITLE BY CATALOGING AGENCY | |
| Title | Educational administration / |
| Statement of responsibility, etc. | Mohammad Mujibur Rahman |
| 245 ## - TITLE STATEMENT | |
| Title | শিক্ষা প্রশাসন / |
| Statement of responsibility, etc. | মোহাম্মদ মুজিবুর রহমান ; ড. শেখ আমজাদ হোসেন কর্তৃক সম্পাদিত। |
| 246 ## - VARYING FORM OF TITLE | |
| Title proper/short title | Shikkha proshason |
| 260 ## - PUBLICATION, DISTRIBUTION, ETC. | |
| Place of publication, distribution, etc. | ঢাকা ঃ |
| Name of publisher, distributor, etc. | প্রভাতী লাইব্রেরী, |
| Date of publication, distribution, etc. | 2024. |
| 300 ## - PHYSICAL DESCRIPTION | |
| Extent | ৪৮০পৃ.ঃ |
| Other physical details | চিত্র ; |
| Dimensions | ২২ সেমি.। |
| 504 ## - BIBLIOGRAPHY, ETC. NOTE | |
| Bibliography, etc. note | গ্রন্থপঞ্জী সম্বলিত |
| 650 ## - SUBJECT ADDED ENTRY--TOPICAL TERM | |
| Topical term or geographic name entry element | শিক্ষা প্রশাসন |
| 650 ## - SUBJECT ADDED ENTRY--TOPICAL TERM | |
| Topical term or geographic name entry element | Educational Administration |
| 700 ## - ADDED ENTRY--PERSONAL NAME | |
| Personal name | হোসেন, শেখ আমজাদ |
| Relator term | সম্পাদক |
| 942 ## - ADDED ENTRY ELEMENTS (KOHA) | |
| Source of classification or shelving scheme | Dewey Decimal Classification |
| Koha item type | Books |
| Suppress in OPAC | No |
| Withdrawn status | Lost status | Source of classification or shelving scheme | Damaged status | Not for loan | Collection | Home library | Current library | Shelving location | Date acquired | Source of acquisition | Total checkouts | Full call number | Barcode | Date last seen | Copy number | Price effective from | Koha item type |
|---|---|---|---|---|---|---|---|---|---|---|---|---|---|---|---|---|---|
| Dewey Decimal Classification | Non-fiction | Jagannath University Central Library | Jagannath University Central Library | General stacks | 01/27/2026 | Purchased | 371.2 RHS | JNUCL35453 | 01/27/2026 | 1 | 01/27/2026 | Books | |||||
| Dewey Decimal Classification | Non-fiction | Jagannath University Central Library | Jagannath University Central Library | General stacks | 01/27/2026 | Purchased | 371.2 RHS | JNUCL35449 | 01/27/2026 | 2 | 01/27/2026 | Books | |||||
| Dewey Decimal Classification | Non-fiction | Jagannath University Central Library | Jagannath University Central Library | General stacks | 01/27/2026 | Purchased | 371.2 RHS | JNUCL35452 | 01/27/2026 | 3 | 01/27/2026 | Books | |||||
| Dewey Decimal Classification | Non-fiction | Jagannath University Central Library | Jagannath University Central Library | General stacks | 01/27/2026 | Purchased | 371.2 RHS | JNUCL35451 | 01/27/2026 | 4 | 01/27/2026 | Books | |||||
| Dewey Decimal Classification | Non-fiction | Jagannath University Central Library | Jagannath University Central Library | General stacks | 01/27/2026 | Purchased | 371.2 RHS | JNUCL35450 | 01/27/2026 | 5 | 01/27/2026 | Books |